Promoción y consumo de productos de la biodiversidad a nivel subnacional y nacional (Registro nro. 4937)
[ vista simple ]
| 000 -CABECERA | |
|---|---|
| Campo de control | 01537nam a2200217 a 4500 |
| 005 - FECHA Y HORA DE LA ULTIMA TRANSACCION | |
| Campo de control | 20150105115514.0 |
| 008 - ELEMENTOS DE LONGITUD FIJA—INFORMACION GENERAL | |
| Campo de control | 140124b2005 ck ||||| |||| 00| 0 spa d |
| 040 ## - FUENTE DE CATALOGACIÓN | |
| Agencia transcriptora | CO-BoIH |
| 041 ## - IDIOMA | |
| Código de idioma para texto/pista de sonido o título separado | Español |
| 044 ## - PAÍS DE PUBLICACIÓN | |
| País de publicación | Colombia |
| 090 ## - CLASIFICACIÓN LOCAL | |
| Colección | IAVH |
| Consecutivo | 00478 |
| 100 ## - ASIENTO PRINCIPAL--NOMBRE PERSONAL | |
| Nombre personal | Marin Marin, Wilmer |
| 245 ## - MENCION DE TITULO | |
| Título | Promoción y consumo de productos de la biodiversidad a nivel subnacional y nacional |
| 260 ## - PUBLICACION, DISTRIBUCION, ETC. (PIE DE IMPRENTA) | |
| Lugar de publicación, distribución, etc. | s.l. |
| Nombre del editor, distribuidor, etc. | Instituto Alexander von Humboldt |
| Fecha de publicación, distribución, etc. | 2005 |
| 300 ## - DESCRIPCION FISICA | |
| Extensión | 22 p. |
| 520 ## - NOTA DE RESUMEN, ETC. | |
| Nota de resumen | Identificación y evaluación de las diferentes estrategias de promoción existentes en el país para dar a conocer los productos de la biodiversidad y fomentar su consumo. Se indaga sobre las estrategias de promoción institucional, regional y empresarial con el objetivo de identificar iniciativas y esquemas tendientes a fomentar el consumo de productos orgánicos y ecológicos. El estudio se realiza en el sector agrícola, turístico, artesanal y académico, se estudian las agremiaciones, empresas, productos y servicios que emplean como elemento diferenciador el medio ambiente en sus estrategias de promoción. El autor concluye en el desconocimiento de los colombianos de los "productos verdes" y, por ende, de los beneficios de consumir estos bienes y servicios, requiriéndose del esfuerzo conjunto del sector público, privado y la academia para sensibilizar a la opinión pública y fomentar el consumo de estos bienes y servicios |
| 650 ## - ASIENTO SECUNDARIO DE MATERIA - TERMINO TEMATICO | |
| Término temático o nombre geográfico como elemento de entrada | Productos |
| 650 ## - ASIENTO SECUNDARIO DE MATERIA - TERMINO TEMATICO | |
| Término temático o nombre geográfico como elemento de entrada | Biodiversidad |
| 942 ## - ELEMENTOS ADICIONALES (KOHA) | |
| Tipo de ítem | Informe Técnico |
| Sistema de clasificación | Local |
| 945 ## - PROCESAMIENTO LOCAL | |
| AAAA-MM-DD - Fecha de ingreso o modificacion | 2005-12-05 |
| Withdrawn status | Lost status | Sistema de Clasificación | Damaged status | No para préstamo | Colección | Inventariado | Ubicación Permanente | Ubicación actual | Fecha de adquisición | Fuente de Valor | Total Checkouts | Número topográfico | Inventario / Código de Barras | Date last seen | Ejemplar | Price effective from | Forma de adquisición | Tipo de material |
|---|---|---|---|---|---|---|---|---|---|---|---|---|---|---|---|---|---|---|
| Local | Humboldt | Inventariado 2017 | Bogotá | Bogotá | 05/12/2005 | CID Humboldt | IAVH-00478 | 022446 | 09/08/2024 | Ej. 1 | 04/12/2012 | Informe Técnico |